Statistics for Name The Jurassic World Evolution 2 Dinosaur

Click here to take the quiz!

General Stats

  • This quiz has been taken 14 times
  • The average score is 14 of 16

Answer Stats

Answer% Correct
Atrociraptor
100%
Deinocheirus
100%
Giganotosaurus
100%
Indominus Rex
100%
Kentrosaurus
100%
Mosasaurus
100%
Therizinosaurus
100%
Triceratops
100%
Tyrannosaurus Rex
100%
Velociraptor
100%
Coelophysis
85%
Gigantoraptor
85%
Alamosaurus
77%
Minmi
77%
Huayangosaurus
62%
Parasaurolophus Lux
54%

Score Distribution

Percentile by Number Answered

Percent of People with Each Score

Your Score History

You have not taken this quiz